<?xml version="1.0" encoding="UTF-8"?>
<record
    xmlns:xsi="http://www.w3.org/2001/XMLSchema-instance"
    xsi:schemaLocation="http://www.loc.gov/MARC21/slim http://www.loc.gov/standards/marcxml/schema/MARC21slim.xsd"
    xmlns="http://www.loc.gov/MARC21/slim">

  <leader>03339cgm a2200553Ia 4500</leader>
  <datafield tag="999" ind1=" " ind2=" ">
    <subfield code="c">29078</subfield>
    <subfield code="d">29049</subfield>
  </datafield>
  <controlfield tag="001">6427717</controlfield>
  <controlfield tag="003">EG-ScBUE</controlfield>
  <controlfield tag="005">20210227114337.0</controlfield>
  <controlfield tag="006">m||||fq||i  00| 0 </controlfield>
  <controlfield tag="007">vd bvaizs</controlfield>
  <controlfield tag="008">031015p20031962nyu094 f          vleng d</controlfield>
  <datafield tag="020" ind1=" " ind2=" ">
    <subfield code="a">0780023269</subfield>
  </datafield>
  <datafield tag="024" ind1="1" ind2=" ">
    <subfield code="a">037429149324</subfield>
  </datafield>
  <datafield tag="028" ind1="4" ind2="0">
    <subfield code="a">KN1020</subfield>
    <subfield code="b">Criterion collection</subfield>
  </datafield>
  <datafield tag="035" ind1=" " ind2=" ">
    <subfield code="a">(OCoLC)ocn688921054</subfield>
  </datafield>
  <datafield tag="035" ind1=" " ind2=" ">
    <subfield code="a">6427717</subfield>
  </datafield>
  <datafield tag="040" ind1=" " ind2=" ">
    <subfield code="a">OSU</subfield>
    <subfield code="b">eng</subfield>
    <subfield code="e">rda</subfield>
    <subfield code="c">OSU</subfield>
    <subfield code="d">CtY</subfield>
    <subfield code="d">EG-ScBUE</subfield>
  </datafield>
  <datafield tag="049" ind1=" " ind2=" ">
    <subfield code="a">YUSS</subfield>
  </datafield>
  <datafield tag="082" ind1="0" ind2="4">
    <subfield code="a">791.4372</subfield>
    <subfield code="b">KNI</subfield>
    <subfield code="2">22</subfield>
  </datafield>
  <datafield tag="245" ind1="0" ind2="0">
    <subfield code="a">Knife in the water =</subfield>
    <subfield code="b">N&#xF3;&#x17C; w wodzie</subfield>
    <subfield code="h">[videorecording] /</subfield>
    <subfield code="c">a Film Roman Polanski.</subfield>
  </datafield>
  <datafield tag="246" ind1="3" ind2="1">
    <subfield code="a">N&#xF3;&#x17C; w wodzie</subfield>
  </datafield>
  <datafield tag="250" ind1=" " ind2=" ">
    <subfield code="a">Special edition.</subfield>
  </datafield>
  <datafield tag="257" ind1=" " ind2=" ">
    <subfield code="a">London.</subfield>
  </datafield>
  <datafield tag="264" ind1=" " ind2="1">
    <subfield code="a">[Irvington, NY] :</subfield>
    <subfield code="b">Criterion Collection,</subfield>
    <subfield code="c">2003.</subfield>
  </datafield>
  <datafield tag="300" ind1=" " ind2=" ">
    <subfield code="a">2 video disc (94 minutes) ;</subfield>
    <subfield code="c">4 3/4 in.</subfield>
  </datafield>
  <datafield tag="306" ind1=" " ind2=" ">
    <subfield code="a">013400</subfield>
  </datafield>
  <datafield tag="336" ind1=" " ind2=" ">
    <subfield code="a">two-dimensional moving image</subfield>
    <subfield code="b">tdi</subfield>
    <subfield code="2">rdacontent</subfield>
  </datafield>
  <datafield tag="337" ind1=" " ind2=" ">
    <subfield code="a">video</subfield>
    <subfield code="b">v</subfield>
    <subfield code="2">rdamedia</subfield>
  </datafield>
  <datafield tag="338" ind1=" " ind2=" ">
    <subfield code="a">videodisc</subfield>
    <subfield code="b">vd</subfield>
    <subfield code="2">rdacarrier</subfield>
  </datafield>
  <datafield tag="346" ind1=" " ind2=" ">
    <subfield code="a">VHS</subfield>
    <subfield code="2">rdavf</subfield>
  </datafield>
  <datafield tag="347" ind1=" " ind2=" ">
    <subfield code="a">2 videodisc</subfield>
    <subfield code="b">DVD video</subfield>
  </datafield>
  <datafield tag="490" ind1="0" ind2=" ">
    <subfield code="a">Criterion collection ;</subfield>
    <subfield code="v">215</subfield>
  </datafield>
  <datafield tag="500" ind1=" " ind2=" ">
    <subfield code="a">Videodisc release of the 1962 motion picture entitled : N&#xF3;&#x17C; w wozie w wodzie.</subfield>
  </datafield>
  <datafield tag="500" ind1=" " ind2=" ">
    <subfield code="a">Special features: New high-definition digital transfer, with restored image and sound; video interview with director Roman Polanski and co-screenwriter, Jerzy Skolimowki; a collection of rare publicity and production skills; English subtitle translation by Roman Polanski; optimal image quality: RSDL dual-layer edition.</subfield>
  </datafield>
  <datafield tag="500" ind1=" " ind2=" ">
    <subfield code="a">Winner of the International Film Critics' Award at the Venice Film Festival in 1962."</subfield>
  </datafield>
  <datafield tag="505" ind1="0" ind2="0">
    <subfield code="t">Knife in the water /</subfield>
    <subfield code="r">directed by Roman Polanski</subfield>
    <subfield code="g">(1962, 94 min.) --</subfield>
    <subfield code="t">Murder [Morderstwo] /</subfield>
    <subfield code="r">directed by Roman Polanski</subfield>
    <subfield code="g">(1957, 2 min.) --</subfield>
    <subfield code="t">Teeth smile [Usmiech zebiczny] /</subfield>
    <subfield code="r">directed by Roman Polanski</subfield>
    <subfield code="g">(1957, 2 min.) --</subfield>
    <subfield code="t">Break up the dance [Rozbijemy zabawe] /</subfield>
    <subfield code="r">directed by Roman Polanski</subfield>
    <subfield code="g">(1962, 94 min.) --</subfield>
    <subfield code="t">Two men and a wardrobe [Dwaj ludzie z szafa] /</subfield>
    <subfield code="r">directed by Roman Polanski</subfield>
    <subfield code="g">(1958, 15 min.) --</subfield>
    <subfield code="t">Lamp [Lampa] /</subfield>
    <subfield code="r">directed by Roman Polanski</subfield>
    <subfield code="g">(1959, 8 min.) --</subfield>
    <subfield code="t">When Angels fall [Gdy spadaja anioly] /</subfield>
    <subfield code="r">directed by Roman Polanski</subfield>
    <subfield code="g">(1959, 21 min.) --</subfield>
    <subfield code="t">Fat and the lean [Gros et le maigre] /</subfield>
    <subfield code="r">directed by Roman Polanski</subfield>
    <subfield code="g">(1961, 15 min.) --</subfield>
    <subfield code="t">Mammals [Ssaki] /</subfield>
    <subfield code="r">directed by Roman Polanski</subfield>
    <subfield code="g">(1963, 10 min.).</subfield>
  </datafield>
  <datafield tag="508" ind1=" " ind2=" ">
    <subfield code="a">Director, Roman Polanski ; screenplay, Roman Polanski, Jerzy Skolimowski, Jakub Goldberg ; producer, Kamera Unit of Film Polski ; producer, Stanislaw Zylewicz ; music, Krzysztof T. Komeda.</subfield>
  </datafield>
  <datafield tag="511" ind1="1" ind2=" ">
    <subfield code="a">Leon Niemczyk, Jolanta Umecka, Zgmunt Malanowica.</subfield>
  </datafield>
  <datafield tag="520" ind1=" " ind2=" ">
    <subfield code="a">A middle-aged journalist and his wife invite a footloose young hitch-hiker aboard their sail-boat for a Sunday outing in the Polish lake district. Like two peacocks, the men proceed to flaunt their virility before the woman, revealing a cynical sadism on the part of the husband and a growing resentment in the knife-wielding youth.</subfield>
  </datafield>
  <datafield tag="538" ind1=" " ind2=" ">
    <subfield code="a">DVD format.</subfield>
  </datafield>
  <datafield tag="546" ind1=" " ind2=" ">
    <subfield code="a">In Polish with English subtitles.</subfield>
  </datafield>
  <datafield tag="650" ind1=" " ind2="7">
    <subfield code="a">Hitchhiking</subfield>
    <subfield code="v">Drama.</subfield>
    <subfield code="2">BUEsh</subfield>
  </datafield>
  <datafield tag="650" ind1=" " ind2="7">
    <subfield code="a">Sailing</subfield>
    <subfield code="v">Drama.</subfield>
    <subfield code="2">BUEsh</subfield>
  </datafield>
  <datafield tag="653" ind1=" " ind2=" ">
    <subfield code="b">COMAME</subfield>
    <subfield code="c">February2021</subfield>
  </datafield>
  <datafield tag="700" ind1="1" ind2=" ">
    <subfield code="a">Polanski, Roman.</subfield>
    <subfield code="9">5544</subfield>
  </datafield>
  <datafield tag="710" ind1="2" ind2=" ">
    <subfield code="a">Criterion Collection (Firm)</subfield>
    <subfield code="9">25408</subfield>
  </datafield>
  <datafield tag="830" ind1=" " ind2="0">
    <subfield code="a">Criterion collection (DVD videodiscs) ;</subfield>
    <subfield code="v">215.</subfield>
    <subfield code="9">25383</subfield>
  </datafield>
  <datafield tag="942" ind1=" " ind2=" ">
    <subfield code="2">ddc</subfield>
    <subfield code="c">CDVDMOV</subfield>
  </datafield>
  <datafield tag="952" ind1=" " ind2=" ">
    <subfield code="0">0</subfield>
    <subfield code="1">0</subfield>
    <subfield code="2">ddc</subfield>
    <subfield code="4">0</subfield>
    <subfield code="7">0</subfield>
    <subfield code="8">Baccah</subfield>
    <subfield code="a">MAIN</subfield>
    <subfield code="b">MAIN</subfield>
    <subfield code="c">2ND</subfield>
    <subfield code="d">2021-02-27</subfield>
    <subfield code="e">Purchase</subfield>
    <subfield code="g">720.00</subfield>
    <subfield code="l">0</subfield>
    <subfield code="o">791.4372 KNI</subfield>
    <subfield code="p">000050177</subfield>
    <subfield code="r">2022-08-24 00:00:00</subfield>
    <subfield code="v">900.00</subfield>
    <subfield code="y">CDVDMOV</subfield>
  </datafield>
</record>
